[Event "Ruhrgebiet Verbandsklasse Gruppe 3 1819"]
[Site "Nordrheinwestfalen"]
[Date "2018.11.04"]
[Round "3.4"]
[White "Reininghaus, Dennis"]
[Black "Kleff, Tim"]
[Result "1-0"]
[WhiteElo "1742"]
[BlackElo "1769"]
[PlyCount "75"]
[EventDate "2018.09.23"]
[EventType "team-tourn"]
[EventRounds "9"]
[EventCountry "GER"]
[SourceTitle "EXT 2022"]
[Source "ChessBase"]
[SourceDate "2021.10.06"]
[SourceVersion "1"]
[SourceVersionDate "2021.10.06"]
[SourceQuality "1"]
[WhiteTeam "Unna SV"]
[BlackTeam "Welper SV II"]
[WhiteTeamCountry "GER"]
[BlackTeamCountry "GER"]

1. d4 d5 2. Nf3 Nf6 3. e3 Bg4 4. Be2 e6 5. 0-0 Bd6 6. h3 Bh5 7. b3 0-0 8. Bb2 Nbd7 9. Nbd2 Qe7 10. Ne5 Bxe2 11. Qxe2 c5 12. f4 Rac8 13. Rac1 a6 14. c4 cxd4 15. exd4 dxc4 16. bxc4 Bb4 17. Ne4 Rc7 18. Nxf6+ Nxf6 19. c5 Nd5 20. a3 f6 21. Nc4 Bxc5 22. dxc5 Rxc5 23. g3 Rfc8 24. Ne3 Rxc1 25. Rxc1 Rxc1+ 26. Bxc1 Qc5 27. Qd2 Nxe3 28. Qxe3 Qxe3+ 29. Bxe3 Kf7 30. Kf2 Ke7 31. Bc5+ Kd7 32. Ke3 Kc6 33. Bf8 g6 34. Kd4 b5 35. Be7 f5 36. Ke5 Kd7 37. Bb4 h5 38. h4 1-0

[Event "Ruhrgebiet Verbandsklasse Gruppe 1 1718"]
[Site "Germany"]
[Date "2018.02.25"]
[Round "7.6"]
[White "Kleff, Tim"]
[Black "Pennig, Felix"]
[Result "0-1"]
[WhiteElo "1770"]
[BlackElo "1704"]
[PlyCount "103"]
[EventDate "2017.09.17"]
[EventType "team-tourn"]
[EventRounds "9"]
[EventCountry "GER"]
[SourceTitle "EXT 2022"]
[Source "ChessBase"]
[SourceDate "2021.10.06"]
[SourceVersion "1"]
[SourceVersionDate "2021.10.06"]
[SourceQuality "1"]
[WhiteTeam "Welper SV II"]
[BlackTeam "Drewer SG"]
[WhiteTeamCountry "GER"]
[BlackTeamCountry "GER"]

1. d4 Nf6 2. c4 e6 3. Nc3 Bb4 4. a3 Bxc3+ 5. bxc3 c5 6. Qc2 Nc6 7. Nf3 d6 8. e4 e5 9. d5 Na5 10. Bg5 b6 11. Be2 Ba6 12. Nd2 0-0 13. Qd3 Re8 14. Qg3 Kh8 15. Qh4 h6 16. 0-0 Kg8 17. Be3 Nh7 18. Qg3 Qf6 19. Rac1 Qg6 20. Qh4 Ng5 21. Bh5 Qf6 22. Be2 Bxc4 23. Bxg5 hxg5 24. Qg4 Bxe2 25. Qxe2 g6 26. Qg4 Qf4 27. Qe2 Kg7 28. g3 Qf6 29. Kg2 Rh8 30. Nf3 Rh5 31. h4 gxh4 32. Nxh4 Rah8 33. Rh1 Kf8 34. Qa6 Qe7 35. Rcf1 Qb7 36. Qe2 Ke8 37. Qf3 Qd7 38. Qf6 Qe7 39. Qf3 Qg5 40. Nxg6 Qxg6 41. Qe2 Rxh1 42. Rxh1 Rxh1 43. Kxh1 c4 44. Kg2 Kd7 45. f3 Qg5 46. Qe1 Nb3 47. Qf1 Qd2+ 48. Kh3 Qxc3 49. Kh4 Nd4 50. Qh3+ Kc7 51. Qg4 Qxf3 52. Qg5 0-1

[Event "Ruhrgebiet Verbandsklasse Gruppe 1 1718"]
[Site "Germany"]
[Date "2018.02.04"]
[Round "6.6"]
[White "Ebert, Manfred"]
[Black "Kleff, Tim"]
[Result "1-0"]
[WhiteElo "1900"]
[BlackElo "1770"]
[PlyCount "103"]
[EventDate "2017.09.17"]
[EventType "team-tourn"]
[EventRounds "9"]
[EventCountry "GER"]
[SourceTitle "EXT 2022"]
[Source "ChessBase"]
[SourceDate "2021.10.06"]
[SourceVersion "1"]
[SourceVersionDate "2021.10.06"]
[SourceQuality "1"]
[WhiteTeam "Buer SF"]
[BlackTeam "Welper SV II"]
[WhiteTeamCountry "GER"]
[BlackTeamCountry "GER"]

1. g3 d5 2. Bg2 Nf6 3. f4 Bf5 4. e3 g6 5. b3 Bg7 6. Bb2 0-0 7. Nf3 Nbd7 8. d3 Ng4 9. Bxg7 Nxe3 10. Qe2 Nxg2+ 11. Qxg2 Kxg7 12. g4 Bxd3 13. cxd3 Nc5 14. Qe2 f6 15. b4 Na6 16. Nd4 Qd6 17. Ne6+ Kf7 18. Nxf8 Qxf4 19. Nd2 Nxb4 20. Ne6 Nc2+ 21. Kd1 Ne3+ 22. Kc1 Qe5 23. Nb3 Qxe6 24. Re1 Qc6+ 25. Kb2 d4 26. Nxd4 Qb6+ 27. Nb3 Nd5 28. Rac1 a5 29. Ka1 e5 30. Qe4 Rd8 31. Nc5 c6 32. Qc4 Qc7 33. a4 Qe7 34. Rb1 Rb8 35. Rb3 Kg7 36. Reb1 Nb4 37. Rd1 b5 38. Qc1 Rd8 39. Rd2 Rd5 40. Rc3 Rd4 41. axb5 cxb5 42. Nb3 Nd5 43. Nxd4 Nxc3 44. Qxc3 b4 45. Qb2 exd4 46. h3 a4 47. Re2 Qc5 48. Qc2 Qa7 49. Qc6 b3 50. Qd6 Qa8 51. Re7+ Kh6 52. Qf4+ 1-0

[Event "Ruhrgebiet Verbandsliga Gruppe 2 1617"]
[Site "Germany"]
[Date "2016.09.25"]
[Round "2.8"]
[White "Biermann, Klaus"]
[Black "Kleff, Tim"]
[Result "1-0"]
[WhiteElo "1885"]
[BlackElo "1607"]
[PlyCount "59"]
[EventDate "2016.09.04"]
[EventType "team-tourn"]
[EventRounds "9"]
[EventCountry "GER"]
[SourceTitle "EXT 2022"]
[Source "ChessBase"]
[SourceDate "2021.10.06"]
[SourceVersion "1"]
[SourceVersionDate "2021.10.06"]
[SourceQuality "1"]
[WhiteTeam "Essen Werden"]
[BlackTeam "Welper SV II"]
[WhiteTeamCountry "GER"]
[BlackTeamCountry "GER"]

1. g3 d5 2. Bg2 Bf5 3. Nf3 Nf6 4. b3 g6 5. Bb2 Bg7 6. 0-0 0-0 7. c4 c6 8. d3 Re8 9. Nbd2 Nbd7 10. Nh4 Bg4 11. h3 Be6 12. Qc2 Nb6 13. e4 Rc8 14. f4 Nh5 15. Bxg7 Nxg7 16. f5 Bd7 17. c5 Na8 18. fxg6 hxg6 19. exd5 cxd5 20. Bxd5 e6 21. Bxb7 Bb5 22. Qc3 Nh5 23. Bxc8 Nxg3 24. Qf6 Ne2+ 25. Kg2 Qc7 26. Ne4 Bxd3 27. Nd6 Rxc8 28. Rf3 Qc6 29. Qxf7+ Kh8 30. Nxc8 1-0

[Event "Ruhrgebiet Verbandsklasse Gruppe 1 1516"]
[Site "Germany"]
[Date "2015.09.27"]
[Round "2.8"]
[White "Huenemeyer, Dirk"]
[Black "Kleff, Tim"]
[Result "0-1"]
[WhiteElo "1916"]
[BlackElo "1645"]
[PlyCount "78"]
[EventDate "2015.09.06"]
[EventType "team-tourn"]
[EventRounds "9"]
[EventCountry "GER"]
[SourceTitle "EXT 2022"]
[Source "ChessBase"]
[SourceDate "2021.10.06"]
[SourceVersion "1"]
[SourceVersionDate "2021.10.06"]
[SourceQuality "1"]
[WhiteTeam "Borbeck Weisse Dame II"]
[BlackTeam "Welper SV II"]
[WhiteTeamCountry "GER"]
[BlackTeamCountry "GER"]

1. c4 e6 2. Nc3 Nf6 3. e4 d6 4. f4 c5 5. d3 Nc6 6. g3 g6 7. Bg2 Bd7 8. Nge2 a6 9. 0-0 Bg7 10. h3 0-0 11. Be3 Qc7 12. Qd2 Na5 13. Rac1 Rab8 14. g4 b5 15. b3 b4 16. Nd1 Nc6 17. Ng3 Ne7 18. Qf2 Rbc8 19. Qe2 Ne8 20. h4 f5 21. g5 h5 22. gxh6 Bxh6 23. h5 Nf6 24. hxg6 Nxg6 25. Bh3 Nh4 26. Bd2 Rce8 27. e5 dxe5 28. fxe5 Bxd2 29. Qxd2 Kf7 30. d4 cxd4 31. Qxd4 Rh8 32. Kf2 Qc6 33. Ke2 Reg8 34. Qe3 Ng6 35. Nf2 f4 36. Qa7 Nxe5 37. Nfe4 Rxh3 38. Rxf4 Rh2+ 39. Ke1 Nd3+ 0-1